| 000 | 00444nam a22001817a 4500 | ||
|---|---|---|---|
| 003 | 0 | ||
| 005 | 20220114141923.0 | ||
| 008 | 0 | ||
| 020 | _a971-685-782-5 | ||
| 040 | _c0 | ||
| 050 |
_aLB1570 _b.B5952 2014 |
||
| 100 | _aBilbao, Purita | ||
| 245 | _aCurriculum development/ | ||
| 264 |
_aMetro Manila: _bLoremar Comp. Publishing Incorporation; _c2014., |
||
| 300 |
_avi 181 pages _c26 cm. |
||
| 650 | _aCurriculum development | ||
| 942 |
_2lcc _cF |
||
| 999 |
_c1942 _d1942 |
||